000 00834nam1a22002651 4500
001 RU\NLR\A1SV\143997
005 20251203171251.9
035 _a(NLR Aleph) 011012391
090 _a11031012
_c11031012
100 _a20160114d1924 u y0rusy50 ca
101 0 _arus
102 _aRU
200 1 _aСправочник сельского хозяина
_fАвт. ст. и заметок: И.Хрисанфов, А.Гончаров
210 _aЧита
_cГаз. "Забайкал. крестьянин"
_d1924
311 _aПрил. к газ.: Забайкал. крестьянин. № 142
620 _dЧита
702 1 _aХрисанфов
_bИ.
702 1 _aГончаров
_bА.
801 0 _aRU
_bNLR
_c20160114
899 _aЧОБ
899 _aЧОБ
942 _cBOOK
980 _aNB
980 _aA1SV